La formación y capacitación de promotores culturales bilingües : (Record no. 210063)

MARC details
000 -CABECERA
campo de control de longitud fija 00965cam a22002297a 4500
003 - IDENTIFICADOR DEL NÚMERO DE CONTROL
campo de control MX-MxUPN
005 - FECHA Y HORA DE LA ÚLTIMA TRANSACCIÓN
campo de control 20240224063757.0
008 - ELEMENTOS DE LONGITUD FIJA--INFORMACIÓN GENERAL
campo de control de longitud fija 230816s mx| |||frm||| 000 0 spa d
040 ## - FUENTE DE LA CATALOGACIÓN
Centro catalogador/agencia de origen MX-MxUPN
Lengua de catalogación spa
050 #4 - SIGNATURA TOPOGRÁFICA DE LA BIBLIOTECA DEL CONGRESO
Número de clasificación LB1731
Número de documento/Ítem L56 1984
100 1# - ASIENTO PRINCIPAL--NOMBRE PERSONAL
9 (RLIN) 49900
Nombre de persona Limón Domínguez, Gerardo Arturo
245 13 - MENCIÓN DE TÍTULO
Título La formación y capacitación de promotores culturales bilingües :
Resto del título una alternativa para la educación indígena en la sierra tarahumara
260 ## - PUBLICACIÓN, DISTRIBUCIÓN, ETC.
Lugar de publicación, distribución, etc. México, D.F.,
Fecha de publicación, distribución, etc. 1984
300 ## - DESCRIPCIÓN FÍSICA
Extensión 116 hojas
502 ## - NOTA DE TESIS
Nota de tesis Tesis (Maestría en Psicología Educativa) -- Universidad Nacional Autónoma de México, Facultad de Psicología.
650 #4 - ASIENTO SECUNDARIO DE MATERIA - TERMINO TEMATICO
Término de materia o nombre geográfico como elemento de entrada Maestros en servicio, Formación de
Subdivisión geográfica México
9 (RLIN) 882
650 #7 - ASIENTO SECUNDARIO DE MATERIA - TERMINO TEMATICO
9 (RLIN) 49899
Término de materia o nombre geográfico como elemento de entrada Promotores en educación
Subdivisión general Capacitación
Subdivisión geográfica México
650 #2 - ASIENTO SECUNDARIO DE MATERIA - TERMINO TEMATICO
Término de materia o nombre geográfico como elemento de entrada Tarahumaras
Subdivisión general Educación
9 (RLIN) 14006
650 #7 - ASIENTO SECUNDARIO DE MATERIA - TERMINO TEMATICO
9 (RLIN) 49901
Término de materia o nombre geográfico como elemento de entrada Educación bilingüe
Subdivisión geográfica Tarahumara, Sierra de
902 ## - ELEMENTOS DE DATOS B LOCAL, LDB (RLIN)
Creó LC16082023
Modificó VíctorGodínez/070923
942 ## - ELEMENTOS DE PUNTO DE ACCESO ADICIONAL (KOHA)
Fuente del sistema de clasificación o colocación Library of Congress Classification
Tipo de ítem Koha Libro
Holdings
Estado de retiro Estado de pérdida Fuente del sistema de clasificación o colocación Estado dañado No para préstamo Código de colección Localización permanente Ubicación/localización actual Ubicación en estantería Fecha de adquisición Clasificación Código de barras Fecha visto por última vez Precio válido a partir de Tipo de ítem Koha Nota pública
    Library of Congress Classification     Colección General Bib. Gregorio Torres Quintero Bib. Gregorio Torres Quintero Planta baja 16/08/2023 LB1731 L56 1984 04872 16/08/2023 16/08/2023 Libro Ejemplar con dedicatoria del autor